000 00980cam a2200277 a 4500
001 31827
003 BD-RjUL
005 20211209051744.0
008 140422s1906 e 000 0 eng d
035 _a(BD-RjUL)31915
040 _aDLC
_cDLC
_beng
_dBD-RjUL
041 1 _aeng
_hsan
082 _a294.592
_bSON 1906
245 1 4 _aThe song celestial, or, Bhagavad-gîtâ :
_bfrom the Mahâbhârata : being a discourse between Arjuna, prince of India, and the Supreme Being under the form of Krishna /
_ctranslated from the Sanskrit text by Sir Edwin Arnold.
246 3 0 _aSong celestial
246 3 0 _aBhagavad-gîtâ
250 _a10 th
260 _aLondon :
_bKegan Paul,
_c1906.
300 _axiv, 173 p. ;
_c15 cm.
650 _aBhagavadgītā
_996886
700 1 _aArnold, Edwin,
_cSir,
_d1832-1904,
_etr.
_995207
710 2 _aRouben Mamoulian Collection (Library of Congress)
_5DLC
_950483
942 _2ddc
_cBK
999 _c31827
_d31827